[Event "PHI-ch sf"]
[Site "Manila"]
[Date "2014.??.??"]
[Round "2"]
[White "Miciano, John Marvin"]
[Black "Maribao, Alexis Emil"]
[Result "1-0"]
[WhiteElo "2020"]
[BlackElo "2130"]
[PlyCount "121"]
[EventDate "2014.03.??"]
[EventType "swiss"]
[EventRounds "9"]
[EventCountry "PHI"]
[SourceTitle "EXT 2016"]
[Source "ChessBase"]
[SourceDate "2015.10.08"]
[SourceVersion "1"]
[SourceVersionDate "2015.10.08"]
[SourceQuality "1"]

1. e4 c5 2. d4 cxd4 3. c3 d3 4. Bxd3 Nc6 5. f4 d6 6. Be3 Nf6 7. Nf3 e6 8. a3 Be7 9. c4 0-0 10. Nc3 b6 11. h3 Bb7 12. 0-0 Rc8 13. b4 Nd7 14. Rc1 Re8 15. Rf2 Nf8 16. Rd2 Nb8 17. e5 Nbd7 18. exd6 Bxd6 19. Nb5 Bb8 20. Ne5 Qh4 21. Nxd7 Nxd7 22. Qe1 Qxe1+ 23. Rxe1 Nf6 24. Nc3 e5 25. f5 Ba6 26. c5 Bxd3 27. Rxd3 e4 28. Rd2 bxc5 29. bxc5 Bc7 30. Rc1 Ba5 31. Rd6 Re5 32. g4 Bxc3 33. Rxc3 Nd5 34. Bd4 Nxc3 35. Bxe5 Nb5 36. Rd7 h6 37. Bd6 Nxa3 38. Rxa7 Nb5 39. Ra4 Rc6 40. Be7 e3 41. Kf1 Nc3 42. Ra3 Nd5 43. Bd6 h5 44. g5 Rc8 45. Rd3 Nb4 46. Rxe3 Nc6 47. Re4 Ra8 48. g6 Rc8 49. Kg2 Na5 50. Kg3 fxg6 51. fxg6 Nb3 52. Kh4 Nd2 53. Re2 Nf3+ 54. Kxh5 Nd4 55. Re4 Nf5 56. Kg4 Nh6+ 57. Kg5 Kh8 58. Rh4 Kg8 59. Rb4 Kh8 60. Rb8 Rxb8 61. Bxb8 1-0